| 000 | 00553nam a22001697a 4500 | ||
|---|---|---|---|
| 003 | BD-DhUL | ||
| 005 | 20171107144541.0 | ||
| 008 | 171107s1926 pk ||||| |||| 00| 0 per d | ||
| 040 |
_aBD-DhUL _cBD-DhUL |
||
| 082 |
_a891.551 _bABR |
||
| 100 | 1 | _aابو سعید ابو الخیر، شیخ | |
| 245 | 0 |
_aرباعیات ابو سعید ابو الخیر / _cشیخ ابو سعید ابو الخیر |
|
| 260 |
_aلاھور : _bمطبع بامیگر، _c۔۱۹۲۶ |
||
| 300 |
_aص۔ ۷۶ ؛ _c۲۲ سم۔ |
||
| 650 | 0 | _aPersian poetry | |
| 942 |
_2ddc _cBK |
||
| 999 |
_c231819 _d231819 |
||